La Corrupción de los jueces
Shranjeno v:
| Format: | Texto |
|---|---|
| Teme: | |
| Oznake: |
Označite
Brez oznak, prvi označite!
|
MARC
| LEADER | 00000 a a2200000 04500 | ||
|---|---|---|---|
| 001 | 5882 | ||
| 003 | |||
| 040 | |||
| 245 | |a La Corrupción de los jueces | ||
| 650 | |a CORRUPCION | ||
| 650 | |a JUECES | ||
| 650 | |a INFORMES | ||
| 650 | |a ONU | ||
| 650 | |a INSTITUCIONES PUBLICAS | ||
| 650 | |a ACUERDOS DE PAZ | ||
| 650 | |a SISTEMA JUDICIAL | ||
| 773 | |g volumen 15, número 635; páginas 4-5 | ||
| 999 | |c 35630 |d 35630 | ||
